ბათუმის შოთა რუსთაველის სახელმწიფო უნივერსიტეტის ბიბლიოთეკა

მეოცე საუკუნის ქართული ლიტერატურული კრიტიკის ისტორიის ნარკვევები. (ბიბ.ჩანაწერი № 43134)

000 -LEADER
fixed length control field 01210nam a2200241Ia 4500
001 - CONTROL NUMBER
control field 9855
003 - CONTROL NUMBER IDENTIFIER
control field GE_BSU
008 - FIXED-LENGTH DATA ELEMENTS--GENERAL INFORMATION
fixed length control field 181216s||||||||xx |||||||||||||| ||und||
020 ## - INTERNATIONAL STANDARD BOOK NUMBER
International Standard Book Number 992879009
040 ## - CATALOGING SOURCE
Transcribing agency GE_BSU
080 ## - UNIVERSAL DECIMAL CLASSIFICATION NUMBER
Universal Decimal Classification number 821.353.1.09
100 ## - MAIN ENTRY--PERSONAL NAME
Personal name ნიკოლეიშვილი,ა. გიორგაძე,ო. გვეტაძე,ო. და სხვ.
245 ## - TITLE STATEMENT
Title მეოცე საუკუნის ქართული ლიტერატურული კრიტიკის ისტორიის ნარკვევები.
245 ## - TITLE STATEMENT
Remainder of title წიგნი:1.დამხმ.სახელმძღვ.ფილოლოგიის ფაკულტ.სტუდენტებისათვის
245 ## - TITLE STATEMENT
Statement of responsibility, etc. რედ:ლუკა დვალიშვილი
260 ## - PUBLICATION, DISTRIBUTION, ETC.
Place of publication, distribution, etc. ქუთაისი
260 ## - PUBLICATION, DISTRIBUTION, ETC.
Name of publisher, distributor, etc. ქუთაისის უნ-ტის გამ-ბა
260 ## - PUBLICATION, DISTRIBUTION, ETC.
Date of publication, distribution, etc. 2004.
300 ## - PHYSICAL DESCRIPTION
Extent 312გვ;20სმ
653 ## - INDEX TERM--UNCONTROLLED
Uncontrolled term მეოცე საუკუნის ქართული ლიტერატურული კრიტიკის ისტორიის ნარკვევები.
942 ## - ADDED ENTRY ELEMENTS (KOHA)
Koha item type წიგნი
ეგზემპლარები
Withdrawn status Lost status Damaged status Not for loan Date acquired Barcode Date last seen Price effective from Koha item type
        2018-12-17 33222-10ლ 2018-12-17 2018-12-17 წიგნი
        2018-12-17 33223-12ლ 2018-12-17 2018-12-17 წიგნი
        2018-12-17 33224-12ლ 2018-12-17 2018-12-17 წიგნი
        2018-12-17 33225-12ლ 2018-12-17 2018-12-17 წიგნი